|
|
|
|
| LEADER |
01419nam a2200373 a 4500 |
| 001 |
000002913 |
| 005 |
20141216154632.0 |
| 008 |
940627s1858 xo e ger |
| FMT |
|
|
|
| 040 |
|
|
|a SVKKK
|b slo
|c SVKKK
|e AACR2
|
| 041 |
0 |
|
|a ger
|a fre
|
| 044 |
|
|
|a xo
|c SK
|
| 080 |
|
|
|a 027.3
|
| 080 |
|
|
|a 018.1
|
| 100 |
1 |
|
|a Novelly, Jozef Štefan
|d 1822-1877
|4 aut
|
| 245 |
1 |
0 |
|a Katalog der őffentlichen Leihbibliothek :
|b von Josef Novelli in Kaschau Hauptstrasse Nr. 166.
|
| 260 |
|
|
|a Kaschau :
|b Druck von C. Werfer,
|c 1858
|
| 300 |
|
|
|a 128 s. 1/8-8/8 [=64] list.
|c 8°. 20x13,5 cm
|
| 500 |
|
|
|a Typograf. ozdoba
|
| 505 |
2 |
|
|a Katalóg obsahuje zoznam kníh v nemeckom a francúzskom jazyku
|
| 561 |
|
|
|a Peč.: Štátna vedecká knižnica v Košiciach; K. K. Rechtsakad. Bibliothek In Kaschau. Tlač. exlibris: Kassai királyi jogakademia Könyvtára Szekrény szám XXIII Osztályzat g.
|
| 563 |
|
|
|a Lepenka, červeno-hnedý mramor. papier, chrbát sivo-modrý mramor. papier
|
| 653 |
1 |
|
|a verejné knižnice
|
| 653 |
1 |
|
|a katalógy
|
| 710 |
0 |
|
|a Werfer, Karol II,
|c Košice,
|d 1847-1858
|4 prt
|
| 710 |
0 |
|
|a knižnice - Knižnica Právnickej akadémie,
|c Košice
|4 sgn
|
| 752 |
|
|
|a Slovensko
|d Košice
|
| 852 |
|
|
|p A 408 PA
|
| 904 |
|
|
|a a---y----fb------yyya-0001--
|
| 905 |
|
|
|a fg-a0bb-
|5 -------
|
| 910 |
|
|
|a svkkk
|
| 997 |
|
|
|a Novelli, Josef p. Novelly, Jozef Štefan
|4 aut
|
| 998 |
|
|
|a KASSA
|
| BAS |
|
|
|